Which year in the 19th Century? - Statistics

General Stats
  • This quiz has been taken 210 times
  • The average score is 7 of 20
Answer Stats
Description Year % Correct
Victoria became Queen of the U.K. 1837
81%
Olympic Games revived in Athens 1896
76%
Napoleon crowns himself Emperor of the French 1804
72%
The Thirteenth Amendment to the U.S. Constitution abolishes Slavery 1865
62%
The Crimean War begins 1853
52%
The United States purchases Alaska from Russia 1867
42%
The July Revolution took place in France 1830
37%
Jane Austen publishes Pride and Prejudice 1813
35%
James Monroe was re-elected President of the U.S. with 81% of the vote 1820
34%
Ludwig van Beethoven dies 1827
31%
Britain declares the Slave Trade illegal 1807
25%
Coca-Cola is invented 1886
25%
Independence of Argentina 1816
24%
First section of the London Underground opens 1863
22%
Germany gains control of Cameroon 1884
17%
The Brontë sisters publish Jane Eyre 1847
15%
The British East India Company is dissolved 1874
12%
Siege of Khartoum 1884
12%
The safety pin and the gas mask are invented 1849
10%
Construction of Big Ben is completed 1858
8%
No matching quizzes found
Score Distribution
Percent of People with Each Score
Percentile by Number Answered
Your Score History
You have not taken this quiz